|
|
|
|
| LEADER |
01105nam a2200301 a 4500 |
| 001 |
43525 |
| 003 |
BD-DhAAL |
| 005 |
20241020114615.0 |
| 008 |
241020t1992 ilua b 001 0 eng |
| 010 |
|
|
|a 91019228
|
| 020 |
|
|
|a 0256083762
|
| 020 |
|
|
|a 9780256083767
|
| 040 |
|
|
|a DLC
|c DLC
|d DLC
|d BD-DhAAL
|
| 043 |
|
|
|a n-us---
|
| 050 |
0 |
0 |
|a HJ257.2
|b .R67 1991
|
| 082 |
0 |
0 |
|a 336.73
|2 20
|
| 100 |
1 |
|
|a Rosen, Harvey S.
|9 10842
|
| 245 |
1 |
0 |
|a Public finance /
|c Harvey S. Rosen.
|
| 250 |
|
|
|a Third edition
|
| 260 |
|
|
|a Homewood, IL :
|b Irwin,
|c c1992.
|
| 300 |
|
|
|a xxvi, 657 pages :
|b ill. (some col.) ;
|c 24 cm.
|
| 504 |
|
|
|a Includes bibliographical references (p. 609-628) and indexes.
|
| 541 |
|
|
|a Donation form the Asia Foundation/Saver campus
|e 43525
|
| 650 |
|
0 |
|a Finance, Public
|z United States.
|9 48268
|
| 650 |
|
0 |
|a Economics.
|
| 942 |
|
|
|2 ddc
|c BK
|
| 999 |
|
|
|c 47025
|d 47025
|
| 952 |
|
|
|0 0
|1 0
|2 ddc
|4 0
|6 336_730000000000000_ROS
|7 0
|9 76698
|a SCL
|b SCL
|c GEN
|d 2024-10-20
|e Donation from the Asia Foundation/ Savar Campus
|l 0
|o 336.73 ROS
|p 3020043525
|r 2024-10-20
|t 1
|w 2024-10-20
|y BK
|x Price not available in register.
|